000 01495cam a22004334i 4500
003 PE-LiUPU
005 20250731173321.0
008 150625s r 000 0 d
035 _a(Sirsi) a38276
040 _aPE-LiUPU
_bspa
_cPE-LiUPU
_erda
082 0 4 _a263.1
_bB13
_221
100 1 _aBacchiocchi, Samuele,
_eautor.
245 1 0 _aDo sábado para o domingo /
_cSamuele Bacchiocchi.
264 1 _a[Roma] :
_bPontificia Univesidade Gregoriana de Roma,
_c[19 ].
300 _a92 páginas ;
_c21 cm.
336 _atext
_2rdacontent
337 _aunmediated
_2rdamedia
338 _avolume
_2rdacarrier
500 _aDatos de la cubierta.
505 0 _aAS aparicoes da ressurreicao e a origem da observancia do domingo. .
526 _aSEG42
526 _aSEG41
526 _aSEG40
526 _aSEG39
526 _aP94
526 _aP87
526 _aP86
526 _aP85
526 _aP77
526 _aP76
526 _aP35
650 0 4 _aSábado (Dia de descanso)
_xHistoria.
910 _a
942 _2ddc
_cBOOK
949 _a263.1 B13
_wDEWEY
_c1
_i57510
_lCCODEBUL1
_mBUL
_p6.00
_r0
_sY
_tBOOK
_u2015-06-25
_xBIBLIOTECA
_zUNKNOWN
_0COMPRA
_o.STAFF. Colección General
596 _a1
999 _a263.1 B13
_wDEWEY
_c46542
_i57510
_d46542
_f2021-11-12
_g5
_lCCODEBUL1
_mBUL
_p6.00
_q1
_r0
_sY
_tBOOK
_u2015-6-25
_xTEOLOGIA
_zUNKNOWN
_0COMPRA
_o.STAFF. Colección General
980 _81
_gALBERTO SANCHEZ Responsable de Automatización